000 00269nam a2200109Ia 4500
005 20251222152635.0
008 251222s9999||||xx |||||||||||||| ||spa||
082 _a005.6/T11
100 _aTabernero, Pedro
245 0 _aGrafimática Imágenes por Ordenador
942 _cLIB
999 _c27879
_d27879